[Event "Marshall Chess Club IM 2020"]
[Site "New York"]
[Date "2020.02.27"]
[Round "2"]
[White "Prilleltensky, Matan"]
[Black "Fikiet, Alex"]
[Result "1-0"]
[WhiteElo "2097"]
[BlackElo "2217"]
[Annotator "TA"]
[PlyCount "74"]
[EventDate "2020.02.27"]
[EventType "tourn"]
[EventCountry "USA"]
[SourceTitle "playchess.com"]
[Source "ChessBase"]
[SourceQuality "1"]

{[%evp 9,74,-7,-5,-19,-20,-12,-23,-37,-36,-45,-34,-44,-16,-38,0,-28,0,-5,10,12,
24,0,0,0,0,0,30,10,101,93,105,62,200,74,42,-41,166,183,197,195,197,39,39,0,143,
160,145,130,281,274,491,494,435,0,1729,1643,2463,922,2180,1847,29989,29988,
29988,29989,29989,29990,29990]} 1. d4 d5 2. Nf3 Nf6 3. e3 c5 4. dxc5 e6 5. b4
a5 6. c3 {D04: Colle System.} axb4 7. cxb4 b6 $1 8. Bb5+ {Black has an edge.}
Bd7 9. Bxd7+ Nbxd7 10. a4 bxc5 11. b5 Bd6 12. O-O O-O 13. Nbd2 Qc7 14. Bb2 c4
15. Qc2 Nc5 16. Bc3 e5 {...e4 is the strong threat.} 17. h3 {[#]} Nfd7 $146 ({
Predecessor:} 17... Rfb8 18. Rfb1 Nd3 19. Ne1 d4 20. exd4 e4 21. Nxd3 exd3 22.
Qb2 Nd5 23. a5 Nf4 24. Kh1 Qe7 25. Nxc4 {1/2-1/2 (25) Anhalt,H (2449)-Walczak,
P (2470) ICCF email 2011}) 18. a5 f5 (18... Rfe8 $11) 19. b6 $16 Qc6 20. Rfb1
f4 {[#]} (20... h6 $14) 21. exf4 (21. e4 $1 $18 {[%mdl 512]}) 21... Rxf4 22.
Bb4 ({Much worse is} 22. g3 Rf6 $17) (22. Qb2 $1 $14) 22... Nd3 $2 (22... Raf8
$15 {stays ahead.}) 23. Bxd6 $18 Qxd6 24. b7 $1 {[%cal Rb7a8]} Ra6 25. Qa4 $2 (
{White should play} 25. g3 $18 Rf8 26. Nxc4 $1 {[%mdl 512]}) 25... Nb8 $1 $14
26. Qb5 e4 {[#]} (26... h6 $1 $11 {remains equal.}) 27. Nxc4 $1 $16 {[%mdl 512]
} dxc4 28. Qxc4+ Kh8 $2 (28... Qe6 $16 {is a better defense.} 29. Qc8+ Rf8 30.
Qxe6+ Rxe6) 29. Ng5 $1 $18 {[%cal Rg5e4]} Qf8 $2 (29... Qe7 30. Nxe4 {[%mdl 64]
Remove Defender} Rxe4 31. Qxd3 g6) 30. Ne6 Qg8 {[#]} 31. Rb6 $2 (31. Qxa6 $3
$18 {[%mdl 512]} Nxa6 32. Nxf4 Nxf4 33. Rb6 Ne2+ 34. Kf1 Ng3+ 35. Kg1 Ne2+ 36.
Kf1 Ng3+ 37. Kg1 Ne2+) 31... Ra7 $2 {[%mdl 8192]} (31... Rxb6 $11 32. axb6 e3
33. Qxd3 exf2+ 34. Kf1 Qxe6 35. Qd8+ {[%mdl 64] Double Attack} Qg8 36. Qxg8+
Kxg8) 32. Qc8 Rf6 33. Nd8 (33. Rd6 $142 h6 {[#]} 34. Rd8 $1 {[%mdl 512]} Qxd8
35. Nxd8) 33... Ne5 34. Qxb8 {[%mdl 64] Double Attack} Rxa5 {[#]} 35. Nf7+ $1 {
[%mdl 576] Promotion. White mates.} Rxf7 (35... Nxf7 36. Qxg8+) 36. Qxg8+ Kxg8
37. b8=Q+ Rf8 {Accuracy: White = 61%, Black = 38%.} 1-0

[Event "Marshall Chess Club IM 2020"]
[Site "New York"]
[Date "2020.02.28"]
[Round "3"]
[White "Yudasin, Leonid"]
[Black "Prilleltensky, Matan"]
[Result "1-0"]
[WhiteElo "2481"]
[BlackElo "2097"]
[Annotator "TA"]
[PlyCount "137"]
[EventDate "2020.02.27"]
[EventType "tourn"]
[EventCountry "USA"]
[SourceTitle "playchess.com"]
[Source "ChessBase"]
[SourceQuality "1"]

{[%evp 25,137,39,40,47,46,54,113,106,135,91,143,142,135,106,100,102,146,141,
231,193,179,196,243,99,104,55,49,28,96,97,122,123,314,252,254,247,146,0,6,0,25,
25,25,28,25,34,24,30,30,29,29,31,44,25,29,29,37,29,25,18,61,63,175,163,158,137,
120,34,110,34,34,34,34,34,87,113,114,106,445,445,426,455,445,378,774,757,998,
580,1129,1126,990,917,1299,1260,1128,551,201,181,181,145,968,626,424,607,4627,
4627,1890,1529,6095,3016,2397,2235,1198,1183]} 1. e4 c5 2. Nf3 e6 3. b3 d6 4.
Bb5+ Bd7 5. Bxd7+ Nxd7 6. Bb2 Ngf6 7. Qe2 Be7 8. O-O O-O 9. c4 a6 10. Nc3 Rc8
11. d4 cxd4 12. Nxd4 Qc7 13. Rad1 Rfe8 14. Kh1 {B52: Sicilian: Moscow
Variation with 3...Bd7.} Bf8 15. f4 {[#]} h5 $146 (15... h6 $14) ({Predecessor:
} 15... Qa5 16. Nf3 Red8 17. e5 dxe5 18. fxe5 Ng4 19. Ng5 Ndxe5 20. Nd5 exd5
21. Bxe5 Nxe5 22. Qxe5 {1/2-1/2 (46) Fressinet,L (2595)-Polgar,J (2715)
Enghien les Bains 2003}) 16. Nf3 $16 {White is better.} Rcd8 17. h3 Be7 ({
Black should play} 17... Nh7) 18. Ng5 Qa5 19. Rde1 e5 20. fxe5 Nxe5 21. Nf3 Qc5
(21... Qb6 $16 22. Nxe5 dxe5) 22. Nxe5 dxe5 23. Nd5 $1 Qd6 24. Rd1 (24. Rf5 $18
) 24... Nxd5 25. Rxd5 Qg6 26. Rxe5 Bd6 (26... Bb4 $11) 27. Ref5 (27. Rxh5 $2
Rxe4 28. Qd3 Re1 $17) 27... f6 28. e5 fxe5 $2 (28... Bxe5 $16 29. Bxe5 fxe5)
29. Qe4 {Strongly threatening Rf8+!} ({Weaker is} 29. Rxh5 Re6 $16) (29. Bxe5
Bxe5 30. Rxe5 Rxe5 $16) 29... Re6 30. Qxb7 e4 (30... Kh7 $18 31. Bc3 (31. Qxa6
Be7 $18) 31... Kg8) 31. Qf7+ (31. c5 $1 $16 {[%cal Rc5d6]} Bf8 32. Bc3) 31...
Qxf7 $11 32. Rxf7 Rg6 {Threatening ...e3.} 33. R7f2 Bg3 34. Re2 Rgd6 {...Rd1
is the strong threat.} 35. Rxe4 {And now Re7 would win.} Rd1 {[%cal Rd1f1]} 36.
Re8+ $1 Kh7 {[%cal Rd1f1]} 37. Ref8 R8d2 38. Bc3 Rxf1+ 39. Rxf1 $14 {[%mdl
4096] Endgame KRB-KRB} Rc2 40. Bd4 {Hoping for a4.} Rd2 41. Be3 Rxa2 42. Bf4
Bxf4 43. Rxf4 $11 {KR-KR} Rb2 (43... a5 $14) 44. Rf3 $18 Rc2 45. Kg1 Kg6 46.
Rf2 (46. h4 $16) 46... Rc1+ ({Black should try} 46... Rc3 $14) 47. Rf1 (47. Kh2
$1 $16) 47... Rc3 $1 $14 48. Ra1 Rxb3 49. Rxa6+ Kf5 (49... Kf7 $14) 50. Ra5+
$16 {Black is on the road to losing.} Kg6 51. h4 $1 Rc3 $2 {[%mdl 8192]} (51...
Rb4 $16 {is tougher.}) 52. Rg5+ $18 Kf6 53. c5 $1 g6 54. Kf2 Rc4 $2 {[#]} (
54... Ra3 55. Ke2 Ra4) 55. g3 $1 Rc3 56. Ke2 Kf7 57. Kd2 Ra3 58. Kc2 Ra6 59.
Kb3 Ke7 60. Kc4 (60. Rd5 $142 Ra1 61. Kb4) 60... Kd7 61. Rd5+ Kc7 62. Kb5 Rf6
$2 {[%mdl 8192] [#]} (62... Re6 $16 63. Rg5 Kb7) 63. Rd3 $1 {[%cal Rd3a3]
White is clearly winning.} Re6 64. Ra3 (64. Rf3 $142) 64... Kb7 {[#]} 65. c6+
$1 {[%mdl 512]} Kc7 (65... Rxc6 66. Ra7+) 66. Ra7+ Kb8 67. Rg7 (67. Kb6 $142
Rxc6+ 68. Kxc6 Kxa7 69. Kd7) 67... Re1 68. Rxg6 Rb1+ 69. Kc5 {Accuracy: White
= 72%, Black = 42%.} 1-0

[Event "Marshall Chess Club IM 2020"]
[Site "New York"]
[Date "2020.02.28"]
[Round "3"]
[White "Sarkar, Justin"]
[Black "Bonin, Jay"]
[Result "1-0"]
[WhiteElo "2373"]
[BlackElo "2258"]
[Annotator "TA"]
[PlyCount "52"]
[EventDate "2020.02.27"]
[EventType "tourn"]
[EventCountry "USA"]
[SourceTitle "playchess.com"]
[Source "ChessBase"]
[SourceQuality "1"]

{[%evp 12,52,35,33,38,42,36,36,66,68,54,76,152,144,179,163,154,123,125,122,130,
57,195,188,178,185,175,188,207,200,207,203,263,261,414,405,768,746,756,753,869,
819,790]} 1. d4 d5 2. c4 c6 3. Nf3 Nf6 4. Nc3 a6 5. c5 Nbd7 6. Bf4 Nh5 7. Bd2
e5 {D15: Slav Defence: 4 Nc3 a6 and gambit lines after 4 Nc3 dxc4.} 8. Nxe5
Nxe5 9. dxe5 Bxc5 {White is slightly better.} 10. e4 $1 g6 11. exd5 {[#]} Qh4
$146 (11... cxd5 $142 12. Be2 Ng7) ({Predecessor:} 11... cxd5 12. Be2 Ng7 13.
O-O O-O 14. Bh6 Re8 15. Qxd5 Qxd5 16. Nxd5 Rxe5 17. Bf3 Ne8 {1-0 (52) Koczo,K 
(2199)-Gelle,I (2335) Budapest 2012}) 12. g3 $1 $36 {[%cal Rg3h4][%mdl 2048]
White has strong initiative.} Qd4 {[%csl Gc5][%cal Rd4f2]} 13. Qe2 cxd5 14. a3
{Hoping for Be3.} Bg4 15. f3 $1 {[%cal Rf3g4]} Be6 16. O-O-O (16. Rd1 $16 {
And now Bg5 would win.} Qc4 17. Qxc4 dxc4 18. Ne4) 16... Rc8 {[#] Now Black is
done in.} ({Black should play} 16... Be7 $14) 17. Bh6 $1 $18 Qf2 {[#]} 18. Qxf2
$1 Bxf2 19. Kb1 {g4 is the strong threat.} f5 20. Nxd5 Kf7 {intending ...Rhd8.}
21. f4 Rc5 22. Bg2 Rhc8 (22... Rd8 {was necessary.}) 23. Rhf1 Rc2 (23... Rd8
$142 24. Bg5 Rd7) 24. Nb4 {White is clearly winning.} Re2 25. Bf3 Bc4 26. Bxe2
Bxe2 {Accuracy: White = 91%, Black = 37%.} 1-0

[Event "Marshall Chess Club IM 2020"]
[Site "New York"]
[Date "2020.02.28"]
[Round "3"]
[White "Lund, Silas"]
[Black "Nestorovic, Nikola"]
[Result "0-1"]
[WhiteElo "2340"]
[BlackElo "2469"]
[Annotator "TA"]
[PlyCount "130"]
[EventDate "2020.02.27"]
[EventType "tourn"]
[EventCountry "USA"]
[SourceTitle "playchess.com"]
[Source "ChessBase"]
[SourceQuality "1"]

{[%evp 12,130,12,16,0,0,14,23,18,17,19,24,19,19,40,3,4,-14,8,0,0,-18,21,23,44,
0,0,-16,0,0,0,-7,14,14,89,38,15,0,0,0,57,-10,-10,-19,-16,-12,-19,-20,-14,-242,
-225,-202,-98,-97,-98,-108,-113,-295,-302,-307,-293,-304,-286,-402,-39,-39,0,0,
0,-6,-6,-8,-8,-8,-8,-18,0,-75,-122,-167,-164,-262,-268,-266,-255,-224,-162,
-420,-322,-370,-232,-306,-291,-339,-178,-396,-370,-381,-370,-345,-311,-422,
-331,-486,-493,-502,-382,-619,-435,-435,-435,-418,-434,-412,-413,-392,-339,
-12846,-12847,-12847,-12847]} 1. d4 Nf6 2. c4 e6 3. Nc3 Bb4 4. e3 O-O 5. Bd3 d5
6. Nf3 dxc4 7. Bxc4 c5 {E51: Nimzo-Indian: Rubinstein: 4...0-0 5 Nf3 d5.} 8. a3
cxd4 9. axb4 dxc3 {White has an edge.} 10. Qxd8 Rxd8 11. bxc3 b6 12. Bb2 Bb7
13. Ke2 {[#]} a6 $146 ({Predecessor:} 13... Nc6 14. Rhd1 Rxd1 15. Rxd1 Ne7 16.
Ne1 Ned5 17. Bd3 a6 18. f3 b5 19. e4 Nb6 {1-0 (46) Tomas Falcon,J (2120)-Brea,
E (1976) Villa Martelli 2017}) 14. Rhc1 (14. Rhd1 {is interesting.} Nbd7 15.
Bb3 b5 16. c4 bxc4 17. Bxf6 Nxf6 18. Rxd8+ Rxd8 19. Bxc4 Nd5 20. Bxd5 Bxd5 21.
Nd2) 14... Nbd7 15. Bb3 a5 16. Nd4 Ba6+ 17. b5 $1 {[%cal Rb5a6]} Bb7 18. Ba3
Ne4 19. c4 Rac8 20. f3 Nec5 21. Ba2 a4 22. Rc3 f6 (22... g5 $11) 23. Rd1 (23.
Nxe6 $16 Nxe6 24. c5) 23... Kf7 $14 24. Rc2 Ne5 {[%cal Bd7e5,Be5c4,Bc4a3][%mdl
32]} 25. Rcd2 g5 (25... Rd6 $11) 26. e4 (26. f4 $1 $14 gxf4 27. exf4) 26... h5
$36 {[%mdl 2048] Black is pushing.} 27. Ke3 Nb3 28. Nxb3 Nxc4+ 29. Ke2 Rxd2+ ({
Of course not} 29... Nxd2 30. Nxd2 Rc3 31. Bb4 $14) 30. Nxd2 $2 (30. Rxd2 $11 {
and White stays safe.} Nxa3 31. Nd4) 30... Nxa3 $19 31. Nc4 Nxb5 (31... Nxc4
$19 32. Rd7+ Ke8 33. Rxb7 Na5 34. Bxe6 Nxb7 35. Bxc8 Nd6) 32. Rd7+ $17 Kg6 {
...Nc3+ is the strong threat.} 33. Rxb7 {Hoping for Ke3.} Nc3+ {[%mdl 64]
Double Attack} 34. Kd3 $2 (34. Kd2 $17 {only move.} Nxa2 35. Nxb6 Rd8+ 36. Rd7
Rxd7+ 37. Nxd7) 34... Nxa2 $19 35. Rxb6 {[%mdl 4096] Endgame KRN-KRN} Nc1+ 36.
Kc3 a3 37. Rxe6 (37. g4 $142) 37... a2 $2 (37... Ne2+ $19 38. Kb4 a2) 38. Ra6
$15 Rb8 {aiming for ...Rb1.} 39. Kc2 $1 Rb4 40. Nd2 Rb6 41. Ra3 Rc6+ 42. Kb2 h4
43. h3 Ne2 {White must now prevent ...Nf4.} 44. Rxa2 {[#]} (44. Nf1 $11 {
keeps the balance.}) 44... Nf4 $1 $17 {Black converts the advantage
convincingly.} 45. Kb3 Nxg2 46. Nc4 (46. e5 $142) 46... Nf4 $19 47. Rh2 Rc8 48.
Kc3 Rd8 {Threatens to win with ...Rd3+.} 49. Nd2 $2 (49. Rd2 {is the only way
for White.} Rxd2 50. Kxd2) 49... Kf7 50. Kc2 Ra8 51. Rh1 Ke6 52. Kc3 Rc8+ (
52... Ra3+ $142 53. Nb3 Ke5) 53. Kd4 $2 (53. Nc4) 53... Rd8+ 54. Kc3 Rd3+ 55.
Kc2 Ra3 56. Rb1 Ra6 57. Rb5 (57. Nb3 $142 Ra2+ 58. Kc3) 57... Nxh3 58. Nb3 {
And now Nc5+ would win.} Rd6 59. Kc3 $2 (59. Nc5+ Kf7 60. Rb7+ Ke8 61. Nd3)
59... Nf4 60. Nd4+ Kf7 61. Rb7+ Ke8 62. Kc4 h3 63. Rh7 Kf8 64. Rh6 $2 {[#]} (
64. Ra7) 64... Rxd4+ $1 {[%mdl 512]} 65. Kxd4 Kg7 {Accuracy: White = 48%,
Black = 70%.} 0-1

[Event "Marshall Chess Club IM 2020"]
[Site "New York"]
[Date "2020.02.28"]
[Round "3"]
[White "Cezila Jr, Rubens"]
[Black "Noboa Silva, Kevin"]
[Result "1/2-1/2"]
[WhiteElo "2299"]
[BlackElo "2329"]
[Annotator "TA"]
[PlyCount "96"]
[EventDate "2020.02.27"]
[EventType "tourn"]
[EventCountry "USA"]
[SourceTitle "playchess.com"]
[Source "ChessBase"]
[SourceQuality "1"]

{[%evp 19,96,0,22,16,54,51,78,63,66,50,77,83,104,110,114,103,125,118,131,135,
113,110,97,97,103,81,76,43,66,41,30,28,41,34,70,58,85,93,89,59,90,84,90,35,39,
37,45,50,69,69,90,90,90,90,90,90,91,45,46,27,35,0,0,0,120,101,105,120,86,130,
147,147,208,132,145,131,206,14,131]} 1. d4 e6 2. c4 Nf6 3. g3 c5 4. d5 exd5 5.
cxd5 d6 6. Nc3 g6 7. Bg2 Bg7 8. Nf3 O-O 9. O-O Re8 10. Nd2 {10.Re1 is more
fashionable. Played by Alireza Firouzja in December 2019.} b6 11. h3 {A62:
Modern Benoni: Fianchetto Variation without early ...Nbd7.} Ba6 12. a4 Nh5 {
Strongly threatening ...Bxc3.} 13. Re1 {White is better.} Nd7 14. Nb5 {[%cal
Bc3b5,Bb5a3,Ba3c4][%mdl 32] [#]} Bf8 $146 ({Predecessor:} 14... Ne5 15. Ne4
Bxb5 16. axb5 Qc7 17. Ra4 Nf6 18. Nc3 Nh5 19. Kh2 f5 20. e4 c4 {1-0 (63)
Dzhumagaliev,Y (2400)-Ponkratov,P (2604) Minsk 2015}) 15. Ne4 Ndf6 16. Nec3 $1
Bb7 17. g4 a6 18. Na3 $1 Ng7 19. e4 Nd7 20. Nc4 Ne5 21. Nxe5 dxe5 22. Be3 Bd6
23. Qb3 Rb8 24. Rac1 Bc8 25. Nb1 Qe7 26. Qc2 f5 27. f3 fxg4 28. fxg4 h5 29. g5
Rf8 30. Rf1 Bd7 31. Nd2 (31. h4 $16) 31... b5 $14 32. axb5 axb5 33. b3 Rbc8 34.
h4 Rxf1+ 35. Bxf1 Ne8 36. Ra1 Nc7 37. Be2 Kg7 38. Nf3 Bg4 39. Ne1 Qd7 40. Bxg4
Qxg4+ 41. Ng2 Qd7 (41... Kg8 $11 {remains equal.}) 42. Ra7 $16 ({Don't go for} 
42. Bxc5 $2 Nxd5 $1 {[%mdl 512]} 43. Ra7 Qxa7 $1 $19 {[%mdl 512]}) 42... Qe7
43. Kh2 Kg8 44. Rb7 Qf8 {[#]} 45. Rb6 $1 Kg7 (45... Kh7 $16 {keeps fighting.}
46. Kg3 Kg8) 46. Qc3 b4 47. Qc2 Ne8 {[#]} (47... Na8 $16 48. Rb7+ Rc7) 48. Rc6
$2 ({White should play} 48. Rxb4 $1 $18 {And now Rb6 would win.} Qe7 49. Bf2)
48... Rc7 {Accuracy: White = 76%, Black = 66%.} (48... Rxc6 $11 49. dxc6 Nc7)
1/2-1/2

[Event "Marshall Chess Club IM 2020"]
[Site "New York"]
[Date "2020.02.28"]
[Round "3"]
[White "Fikiet, Alex"]
[Black "Hallaeva, Bahar"]
[Result "1/2-1/2"]
[WhiteElo "2217"]
[BlackElo "2170"]
[Annotator "TA"]
[PlyCount "45"]
[EventDate "2020.02.27"]
[EventType "tourn"]
[EventCountry "USA"]
[SourceTitle "playchess.com"]
[Source "ChessBase"]
[SourceQuality "1"]

{[%evp 12,45,12,5,16,0,0,0,0,0,0,0,19,0,0,-21,0,-20,-17,-26,-20,-17,-14,-37,
-35,-37,0,0,0,-11,-14,-20,-17,-13,-8,-14]} 1. d4 Nf6 2. c4 e6 3. Nf3 b6 4. g3
Bb4+ 5. Bd2 Be7 6. Bg2 c6 7. Nc3 d5 {E15: Queen's Indian: 4 g3 sidelines, 4 g3
Ba6 and 4 g3 Bb7 early deviations.} 8. cxd5 cxd5 9. O-O O-O 10. Rc1 Bb7 11. Ne5
Nfd7 12. Nd3 Nc6 {[#]} 13. e3 $146 ({Predecessor:} 13. Qa4 a6 14. e3 b5 15. Qd1
Qb6 16. Re1 a5 17. Qb3 Na7 18. Bf1 Ba6 19. Nf4 {0-1 (70) Zhang,X (1946)-Guo,Q 
(2361) Jiangmen 2018}) 13... Rc8 14. Nb1 Ba6 15. Bc3 Nf6 16. Re1 Ne4 17. Bf1
Bd6 18. Nd2 Nxc3 19. Rxc3 {The position is equal.} Na5 20. Rxc8 Qxc8 21. Qa4
Qc6 22. Qxc6 Nxc6 23. Rc1 {Accuracy: White = 100%, Black = 92%.} 1/2-1/2

[Event "Marshall Chess Club IM 2020"]
[Site "New York"]
[Date "2020.02.28"]
[Round "4"]
[White "Nestorovic, Nikola"]
[Black "Prilleltensky, Matan"]
[Result "1-0"]
[WhiteElo "2469"]
[BlackElo "2097"]
[Annotator "TA"]
[PlyCount "103"]
[EventDate "2020.02.27"]
[EventType "tourn"]
[EventCountry "USA"]
[SourceTitle "playchess.com"]
[Source "ChessBase"]
[SourceQuality "1"]

{[%evp 20,103,39,12,67,69,64,51,93,36,55,51,139,81,97,133,173,155,155,131,166,
152,150,162,141,155,145,90,94,101,92,108,106,93,92,105,213,198,199,210,201,216,
191,213,195,191,306,293,307,302,340,340,330,339,331,309,302,309,281,222,216,
205,288,281,278,214,196,202,341,165,153,165,818,662,577,760,745,743,702,695,
5961,3272,29988,29989,29989,29990]} 1. e4 c5 2. Nf3 e6 3. d4 cxd4 4. Nxd4 a6 5.
c4 Nf6 6. Nc3 Qc7 7. Be2 b6 8. f4 d6 9. O-O Bb7 10. Qd3 Nbd7 11. b4 Be7 {
B41: Sicilian: Kan Variation: 5 c4.} (11... d5 $11) 12. a3 $14 O-O 13. Bd2 Rac8
{White is slightly better.} 14. Rac1 {[#]} ({White should try} 14. g4 $16)
14... Qb8 $146 ({Predecessor:} 14... Rfe8 15. Be3 Bf8 16. Nb3 Qb8 17. Bf3 Qa8
18. Rfd1 h5 19. h3 Rc7 20. Bf2 Rec8 {1-0 (37) Tamarozi,I (1904)-Souza,R (2193)
Brasilia 2018}) 15. g4 h6 ({Black should play} 15... Qa8 $14) 16. h4 (16. Qh3
$142 $1) 16... h5 17. gxh5 b5 18. cxb5 axb5 19. Ndxb5 Rfd8 20. Be3 Qa8 {
[%cal Rf6e4]} 21. Bf3 (21. Nxd6 Bxd6 22. Qxd6 Qxa3 $17) 21... e5 22. f5 d5 23.
Nxd5 (23. exd5 $142 Bf8 24. h6) 23... Bxd5 24. exd5 e4 25. Bxe4 Ne5 26. Qd4
Rxc1 27. Bxc1 Qb8 (27... Neg4 $16) 28. Bf4 $1 $18 {Black must now prevent a4.}
Qxb5 29. Bxe5 {And now h6 would win.} ({Not} 29. Qxe5 Qb6+ 30. Kh1 Bd6 $11)
29... Nxd5 {[#]} 30. a4 $1 {[%cal Ra4b5,Ba3a4,Ba4a5][%mdl 32]} ({Stronger than
} 30. Bxg7 Nf6 $17) 30... Qxb4 31. Qxb4 Nxb4 32. Rc1 Bxh4 (32... f6 {might
work better.}) 33. Rc4 Be7 34. a5 f6 35. Bf4 Rd1+ 36. Kg2 Ra1 37. Rc7 Kf8 {[#]}
38. Rc8+ $1 Kf7 39. Ra8 Ra2+ 40. Kg3 Ra3+ (40... Bc5 {is a better defense.} 41.
h6 Ra3+ 42. Kg4 gxh6 43. Bxh6 Ra4) 41. Kg4 Ra1 42. Bb7 Bc5 43. a6 {aiming for
Rc8.} Rg1+ (43... Nd3 $142) 44. Kh3 (44. Kh4 $142) 44... Nd3 45. Bg3 Ra1 $2 (
45... Nf2+ 46. Bxf2 Bxf2) 46. Rc8 Ra3 47. Kg2 Ra2+ 48. Kf3 {White threatens
Bd5+ and mate.} Ra3 49. Ke4 Bb6 50. Bd6 {[%csl Gd6][%cal Rc8f8]} Nf2+ 51. Kd5 {
[%csl Gd6][%cal Rc8f8]} Rd3+ 52. Kc6 {Accuracy: White = 80%, Black = 47%.} 1-0

[Event "Marshall Chess Club IM 2020"]
[Site "New York"]
[Date "2020.02.28"]
[Round "4"]
[White "Lund, Silas"]
[Black "Sarkar, Justin"]
[Result "0-1"]
[WhiteElo "2340"]
[BlackElo "2373"]
[Annotator "TA"]
[PlyCount "70"]
[EventDate "2020.02.27"]
[EventType "tourn"]
[EventCountry "USA"]
[SourceTitle "playchess.com"]
[Source "ChessBase"]
[SourceQuality "1"]

{[%evp 16,70,4,12,22,0,0,5,34,28,28,0,-8,-41,-28,-29,-26,-47,-47,-52,-57,-47,
-45,-69,-68,-56,-64,-84,-77,-80,-40,-75,-38,-90,-52,-47,-44,-48,-48,-54,-34,
-41,-21,-15,-37,-158,-157,-195,-187,-188,-196,-505,-510,-548,-538,-545,-539]} 
1. d4 f5 2. g3 Nf6 3. Bg2 g6 4. c4 Bg7 5. Nc3 d6 6. Nf3 O-O 7. O-O c6 8. Qc2 {
8.b3 is becoming the main line.} Na6 9. Rd1 Qc7 {A88: Dutch Defence: Leningrad
System: 5 Nf3 0-0 6 0-0 d6 7 Nc3 c6.} 10. b3 Re8 11. Ba3 {[#]} Qa5 $146 {
The position is equal.} ({Predecessor:} 11... Bd7 12. Rac1 Rac8 13. Qb1 Qa5 14.
Bb2 b5 15. cxb5 cxb5 16. e3 b4 17. Ne2 Ne4 {1-0 (51) Santiago,Y (2410)-Sevgi,V
(2122) Skopje 2015}) 12. Bb2 e5 13. a3 e4 14. Ne1 d5 15. b4 Qd8 16. b5 Nc7 17.
bxc6 bxc6 18. cxd5 cxd5 19. Rac1 Ne6 20. e3 Ba6 21. Na4 Rc8 22. Nc5 Bc4 23. Qa4
Qb6 24. Bc3 ({White should try} 24. Rd2 $15) 24... Be2 25. Rd2 Bb5 $36 {
[%mdl 2048] Black has the initiative.} 26. Qd1 Nxc5 27. dxc5 Qxc5 28. Bb2 Qb6
29. Rxc8 Rxc8 30. Bxf6 (30. Bf1 $1 $15) 30... Bxf6 $17 31. Rxd5 Bc4 32. Rd6 Qb2
{Strongly threatening ...Bb3.} 33. Bf1 $2 (33. Rd2 {was the crucial defense.}
Qxa3 34. Nc2) 33... Bb3 $19 {Black is clearly winning.} 34. Qe2 {[#]} Qxe2 $1
35. Bxe2 Rc1 {Accuracy: White = 54%, Black = 85%.} 0-1

[Event "Marshall Chess Club IM 2020"]
[Site "New York"]
[Date "2020.02.28"]
[Round "4"]
[White "Noboa Silva, Kevin"]
[Black "Fikiet, Alex"]
[Result "1/2-1/2"]
[WhiteElo "2329"]
[BlackElo "2217"]
[Annotator "TA"]
[PlyCount "74"]
[EventDate "2020.02.27"]
[EventType "tourn"]
[EventCountry "USA"]
[SourceTitle "playchess.com"]
[Source "ChessBase"]
[SourceQuality "1"]

{[%evp 11,74,40,55,26,58,37,39,35,44,39,37,34,50,45,43,0,0,0,0,0,0,0,0,0,0,0,0,
0,0,0,0,0,0,-11,0,0,0,0,0,-7,0,0,0,0,0,0,11,0,0,0,0,-27,-16,-19,-9,-8,-6,-8,0,
-7,0,0,0,-14,0]} 1. d4 d5 2. c4 dxc4 3. Nf3 a6 4. e3 Bg4 5. Bxc4 e6 6. h3 Bh5
7. Nbd2 {[%cal Bb1d2,Bd2c4,Bc4e5,Be5d3][%mdl 32] D22: Queen's Gambit Accepted:
3 Nf3 a6 4 e3.} Nc6 8. Be2 Nf6 9. O-O {White is slightly better.} Be7 10. b3
O-O 11. Bb2 Nd5 {[#]} 12. Nc4 $146 ({Predecessor:} 12. Rc1 Bg6 13. Nc4 f6 14.
a3 a5 15. Bd3 Qe8 16. Qc2 Bxd3 17. Qxd3 Qg6 18. Qxg6 hxg6 {0-1 (45) Jorgensen,
D (2215)-Granda Zuniga,J (2699) Helsingor 2016}) 12... f5 13. Nfe5 {[#]
Strongly threatening Nxc6.} Bxe2 14. Qxe2 Nxe5 15. Nxe5 Bd6 16. Nd3 Qh4 17.
Rfe1 Rae8 18. Rac1 f4 19. exf4 Nxf4 20. Nxf4 Qxf4 21. g3 Qf5 22. Kg2 Rf6 23.
Rc2 $1 Ref8 {[#] aiming for ...Qg6.} 24. Qe4 Qd5 25. Re3 a5 26. h4 h6 27. Rce2
b6 28. Kg1 R8f7 29. Qg2 Rg6 30. Kf1 Rgf6 31. Qh3 Rf3 {...Bxg3 is the strong
threat.} 32. Kg1 $1 {The position is equal.} Rxe3 33. Rxe3 Rf6 34. Qg4 Kf7 35.
Qe2 Kg8 36. Qc4 Kf7 37. Qc2 Kg8 {Accuracy: White = 89%, Black = 97%.} 1/2-1/2